[Event "Vojvodina-chT2"]
[Site "Vrbas"]
[Date "2011.09.30"]
[Round "8"]
[White "Cerovic, Danilo"]
[Black "Miljkovic, Bojan"]
[Result "1/2-1/2"]
[WhiteElo "2305"]
[BlackElo "2207"]
[PlyCount "49"]
[EventDate "2011.09.25"]
[EventType "team-tourn"]
[EventRounds "11"]
[EventCountry "SRB"]
[SourceTitle "CBM 144 Extra"]
[Source "ChessBase"]
[SourceDate "2011.10.28"]
[SourceVersion "1"]
[SourceVersionDate "2011.10.28"]
[SourceQuality "1"]

1. e4 d6 2. d4 Nf6 3. Nc3 e5 4. Nf3 Nbd7 5. Bc4 Be7 6. 0-0 0-0 7. Re1 a6 8. a4 b6 9. Ne2 exd4 10. Nfxd4 Bb7 11. Ng3 Ne5 12. Bb3 Re8 13. Ndf5 Bf8 14. Bg5 Ned7 15. Qd4 h6 16. Bf4 Nc5 17. Bd5 Ne6 18. Qd2 Bxd5 19. exd5 Nxf4 20. Qxf4 Nxd5 21. Qf3 Nf6 22. Rxe8 Nxe8 23. Re1 Nf6 24. c4 Rb8 25. Nd4 1/2-1/2

[Event "Vojvodina-chT"]
[Site "Sremska Mitrovica"]
[Date "2006.09.25"]
[Round "5"]
[White "Brajic, Miloje"]
[Black "Miljkovic, Bojan"]
[Result "1-0"]
[WhiteElo "2312"]
[BlackElo "2243"]
[PlyCount "93"]
[EventDate "2006.09.22"]
[EventType "team"]
[EventRounds "9"]
[EventCountry "YUG"]
[SourceTitle "CBM 114 Extra"]
[Source "ChessBase"]
[SourceDate "2006.11.03"]
[SourceVersion "1"]
[SourceVersionDate "2006.11.03"]
[SourceQuality "1"]

1. e4 e5 2. Nc3 d6 3. Bc4 Nf6 4. f4 exf4 5. Nf3 Nc6 6. d4 Bg4 7. Bxf4 Be7 8. Qd2 Bxf3 9. gxf3 Nh5 10. Be3 Bh4+ 11. Ke2 Qd7 12. Raf1 a6 13. Kd1 0-0-0 14. Rhg1 g6 15. Qd3 Kb8 16. d5 Na7 17. f4 Rhe8 18. e5 Nc8 19. Bd4 Nb6 20. Bxb6 cxb6 21. e6 fxe6 22. dxe6 Qg7 23. f5 d5 24. Bb3 Qe5 25. Rg4 Bf6 26. Re1 Qxf5 27. Qxf5 gxf5 28. Rb4 Bxc3 29. bxc3 Kc7 30. Rh4 Nf6 31. Rh6 Ne4 32. Rf1 Rd6 33. Rxf5 Nxc3+ 34. Kd2 Ne4+ 35. Ke3 Nc5 36. Bxd5 Nxe6 37. Re5 Nf8 38. Rxe8 Rxh6 39. Rxf8 Rxh2 40. Be4 Rh3+ 41. Kd4 Ra3 42. Bd5 Kd6 43. Rf6+ Kc7 44. Rh6 b5 45. Rxh7+ Kd6 46. Rh6+ Ke7 47. Bb3 1-0